[Event "Opatija op-A"]
[Site "Opatija"]
[Date "2013.07.02"]
[Round "4"]
[White "Beletic, Daniel"]
[Black "Remetic, Velimir"]
[Result "1-0"]
[WhiteElo "2249"]
[BlackElo "1961"]
[PlyCount "91"]
[EventDate "2013.06.29"]
[EventType "swiss"]
[EventRounds "9"]
[EventCountry "CRO"]
[SourceTitle "CBM 155 Extra"]
[Source "ChessBase"]
[SourceDate "2013.08.26"]
[SourceVersion "1"]
[SourceVersionDate "2013.08.26"]
[SourceQuality "1"]

1. c4 Nf6 2. Nf3 e6 3. g3 b6 4. Bg2 Bb7 5. 0-0 c5 6. Nc3 Be7 7. Re1 Ne4 8. Nxe4 Bxe4 9. d3 Bc6 10. e4 d6 11. d4 cxd4 12. Nxd4 Bb7 13. Qg4 Nd7 14. Nb5 Kf8 15. Rd1 Qb8 16. Bg5 Nf6 17. Bxf6 gxf6 18. Qf4 h5 19. Nxd6 e5 20. Qd2 Qxd6 21. Qxd6 Bxd6 22. Rxd6 Ke7 23. Rad1 Bc8 24. h4 Be6 25. b3 Rac8 26. a4 Rc7 27. Kh2 Rd7 28. Rxd7+ Bxd7 29. Bh3 Bc6 30. Bf5 a5 31. f3 Rd8 32. Rxd8 Kxd8 33. g4 hxg4 34. fxg4 Ke7 35. h5 Kf8 36. h6 Bb7 37. Kg3 Bc6 38. Kh4 Bb7 39. g5 Kg8 40. gxf6 Bc6 41. Kg4 Kh8 42. Kf3 Kg8 43. Ke3 Bb7 44. Kd3 Ba6 45. Kc3 Bb7 46. b4 1-0

[Event "Ljubljana-chT 64th Superliga"]
[Site "Ljubljana"]
[Date "2011.02.17"]
[Round "5.4"]
[White "Kralj, Manca"]
[Black "Remetic, Velimir"]
[Result "1-0"]
[WhiteElo "1755"]
[BlackElo "1923"]
[PlyCount "85"]
[EventDate "2011.01.13"]
[EventType "team-tourn"]
[EventRounds "9"]
[EventCountry "SLO"]
[SourceTitle "EXT 2022"]
[Source "ChessBase"]
[SourceDate "2021.10.06"]
[SourceVersion "1"]
[SourceVersionDate "2021.10.06"]
[SourceQuality "1"]
[WhiteTeam "Komenda Pogi"]
[BlackTeam "Podpec MKK"]
[WhiteTeamCountry "SLO"]
[BlackTeamCountry "SLO"]

1. e4 c5 2. Nf3 d6 3. d4 cxd4 4. Nxd4 a6 5. Nc3 Qc7 6. Be2 b5 7. a3 Bb7 8. f4 e6 9. 0-0 Nf6 10. Bf3 Nc6 11. Be3 Nxd4 12. Qxd4 e5 13. fxe5 dxe5 14. Qb6 Qxb6 15. Bxb6 Rc8 16. Rad1 Bc5+ 17. Bxc5 Rxc5 18. Rd2 0-0 19. Rfd1 Rc4 20. Re2 Rd4 21. Rxd4 exd4 22. Nd5 Bxd5 23. exd5 d3 24. cxd3 Rd8 25. Rc2 Kf8 26. Rc6 Nxd5 27. Rxa6 Ke7 28. Ra7+ Ke6 29. Rb7 b4 30. Bxd5+ Rxd5 31. Rxb4 Rxd3 32. Rb7 h5 33. a4 g5 34. a5 f5 35. a6 Rd1+ 36. Kf2 Ra1 37. a7 Kd5 38. b4 Ra2+ 39. Ke3 f4+ 40. Kd3 Ke6 41. b5 Kd5 42. b6 Ra3+ 43. Kc2 1-0